书目信息 |
| 题名: |
中国动物志
|
|
| 作者: | 洪惠馨 , 张士美 , 高尚武 编著 ;中国科学院中国动物志编辑委员会 主编 | |
| 分册: | 第二十七卷 无脊椎动物 | |
| 出版信息: | 北京 科学出版社 2002.02 |
|
| 页数: | 275页 | |
| 开本: | 26cm | |
| 丛书名: | ||
| 单 册: | ||
| 中图分类: | Q958.52 , Q958.2 , Q959.131 | |
| 科图分类: | ||
| 主题词: | 动物志--dong wu zhi--中国 , 动物学:分类学 | |
| 电子资源: | ||
| ISBN: | 7-03-009508-1 | |
| 000 | 01613nam0 2200361 450 | |
| 001 | 0163191405 | |
| 005 | 20050505175352.95 | |
| 010 | @a7-03-009508-1@b精装@d62.00CNY | |
| 100 | @a20050502d2002 km y0chiy0120 ea | |
| 101 | 0 | @achi |
| 102 | @aCN@b110000 | |
| 105 | @aa a 001yy | |
| 200 | 1 | @a中国动物志@Azhong guo dong wu zhi@i无脊椎动物@h第二十七卷@i刺胞动物门@i水螅虫纲 管水母亚纲 钵水母纲@f高尚武, 洪惠馨, 张士美编著@Fgao shang wu,hong hui xin,zhang shi mei bian zhu@g中国科学院中国动物志编辑委员会主编@Gzhong guo ke xue yuan zhong guo dong wu zhi bian ji wei yuan hui zhu bian |
| 210 | @a北京@c科学出版社@d2002.02 | |
| 215 | @a275页@c图@d26cm | |
| 300 | @a中国科学院知识创新工程重大项目; 国家自然科学基金重大项目。 | |
| 306 | @a国家自然基金委员会, 中国科学院, 国家科学技术部资助。 | |
| 320 | @a有书目 (第227-243页) 和索引。 | |
| 330 | @a本书记述了刺胞动物门水螅虫纲管水母亚纲共有3目、13科、29属、80种;钵水母纲共有5目、15科、13属、35种。 | |
| 517 | 1 | @a刺胞动物门@Aci bao dong wu men |
| 517 | 1 | @a无脊椎动物@Awu ji zhui dong wu |
| 517 | 1 | @a水螅虫纲 管水母亚纲 钵水母纲@Ashui xi chong gang guan shui mu ya gang bo shui mu gang |
| 606 | 0 | @a动物志@Adong wu zhi@y中国 |
| 606 | 0 | @a动物学:分类学 |
| 690 | @aQ958.52@v4 | |
| 690 | @aQ958.2@v4 | |
| 690 | @aQ959.131@v3 | |
| 701 | 0 | @a洪惠馨@Ahong hui xin@4编著 |
| 701 | 0 | @a张士美@Azhang shi mei@4编著 |
| 701 | 0 | @a高尚武@Agao shang wu@4编著 |
| 712 | 02 | @a中国科学院中国动物志编辑委员会@Azhong guo ke xue yuan zhong guo dong wu zhi bian ji wei yuan hui@4主编 |
| 801 | 0 | @aCN@bQSSK@c20050505 |
| 905 | @a10447@dQ959.131@eG170 | |
| 中国动物志.无脊椎动物.第二十七卷.刺胞动物门.水螅虫纲 管水母亚纲 钵水母纲/高尚武, 洪惠馨, 张士美编著/中国科学院中国动物志编辑委员会主编.-北京:科学出版社,2002.02 |
| 275页:图;26cm |
| 中国科学院知识创新工程重大项目; 国家自然科学基金重大项目。 |
| ISBN 7-03-009508-1(精装):62.00CNY |
| 本书记述了刺胞动物门水螅虫纲管水母亚纲共有3目、13科、29属、80种;钵水母纲共有5目、15科、13属、35种。 |
| ● |
| 相关链接 |
|
|
|
正题名:中国动物志
索取号:Q959.131/G170
 
预约/预借
| 序号 | 登录号 | 条形码 | 馆藏地/架位号 | 状态 | 备注 |
| 1 | 499670 | 204996709 | 自科库401/401自科库 37排1列5层/ [索取号:Q959.131/G170] | 在馆 |